[Event "SVK-ch U14"]
[Site "Tatralandia"]
[Date "2025.05.13"]
[Round "3"]
[White "Fekiac, Filip"]
[Black "Gal, Jakub"]
[Result "0-1"]
[WhiteElo "1000"]
[BlackElo "1220"]
[PlyCount "84"]
[EventDate "2025.05.11"]
[EventType "swiss"]
[EventRounds "9"]
[EventCountry "SVK"]
[SourceTitle "CB21_2025"]
[SourceDate "2025.05.21"]
[SourceVersion "1"]
[SourceVersionDate "2025.05.21"]
[SourceQuality "1"]

1. d4 d5 2. Bf4 Nf6 3. e3 Bf5 4. Bd3 e6 5. Bxf5 exf5 6. Qd3 Qd7 7. Nf3 c5 8. Ne5 Qe6 9. Qb5+ Nbd7 10. Qxb7 Nb6 11. Nc3 Bd6 12. Qc6+ Nfd7 13. Nb5 Bxe5 14. Qxe6+ fxe6 15. 0-0 Bxf4 16. exf4 0-0 17. Nd6 cxd4 18. Rae1 Rf6 19. Re2 Nc4 20. Nxc4 dxc4 21. c3 dxc3 22. bxc3 Re8 23. Rd1 Re7 24. Rb2 Rff7 25. a4 e5 26. fxe5 Rxe5 27. Rb7 Rfe7 28. g3 Nc5 29. Rxe7 Rxe7 30. Rd8+ Kf7 31. h4 Nxa4 32. Rd5 Ke6 33. Rd4 Rc7 34. f4 Nxc3 35. Rd8 Nd5 36. Re8+ Kf7 37. Re5 Ne7 38. g4 c3 39. gxf5 c2 40. Re1 c1Q 41. Rxc1 Rxc1+ 42. Kg2 Nxf5 0-1

[Event "SVK-ch U14"]
[Site "Tatralandia"]
[Date "2025.05.13"]
[Round "4"]
[White "Gal, Jakub"]
[Black "Hryshko, Herman"]
[Result "0-1"]
[WhiteElo "1220"]
[BlackElo "1582"]
[PlyCount "98"]
[EventDate "2025.05.11"]
[EventType "swiss"]
[EventRounds "9"]
[EventCountry "SVK"]
[SourceTitle "CB21_2025"]
[SourceDate "2025.05.21"]
[SourceVersion "1"]
[SourceVersionDate "2025.05.21"]
[SourceQuality "1"]

1. e4 Nc6 2. d4 e5 3. c3 Nf6 4. Bd3 d5 5. Bg5 exd4 6. Nf3 h6 7. Bh4 g5 8. Bg3 dxe4 9. Qe2 Qe7 10. Bxe4 Qxe4 11. Qxe4+ Nxe4 12. cxd4 Bb4+ 13. Nbd2 Nxg3 14. hxg3 Bxd2+ 15. Nxd2 Be6 16. 0-0 0-0-0 17. f4 gxf4 18. gxf4 Nxd4 19. a4 Ne2+ 20. Kh2 Rxd2 21. b4 Rg8 22. Rf2 Rgd8 23. Re1 Nc3 24. Rxd2 Rxd2 25. a5 Re2 26. Rxe2 Nxe2 27. g3 b6 28. axb6 cxb6 29. Kg2 a5 30. bxa5 bxa5 31. Kf2 Nxg3 32. Kxg3 a4 33. Kh4 a3 34. Kh5 Bg4+ 35. Kxg4 a2 36. f5 a1Q 37. f6 Qxf6 38. Kg3 h5 39. Kg2 Qg5+ 40. Kf3 h4 41. Ke4 f5+ 42. Kd3 h3 43. Kd4 h2 44. Kd3 Qf4 45. Ke2 h1R 46. Kd3 Rh3+ 47. Ke2 Qh2+ 48. Kf1 Ra3 49. Ke1 Ra1# 0-1

[Event "SVK-ch U14"]
[Site "Tatralandia"]
[Date "2025.05.12"]
[Round "2"]
[White "Csolle, Robert"]
[Black "Gal, Jakub"]
[Result "1-0"]
[WhiteElo "1619"]
[BlackElo "1220"]
[PlyCount "125"]
[EventDate "2025.05.11"]
[EventType "swiss"]
[EventRounds "9"]
[EventCountry "SVK"]
[SourceTitle "CB21_2025"]
[SourceDate "2025.05.21"]
[SourceVersion "1"]
[SourceVersionDate "2025.05.21"]
[SourceQuality "1"]

1. e4 e5 2. Nf3 Nc6 3. Bb5 Bc5 4. c3 d5 5. Bxc6+ bxc6 6. Nxe5 Bxf2+ 7. Kxf2 Qf6+ 8. Nf3 dxe4 9. Re1 Qf5 10. Qa4 Ne7 11. Qxe4 Qxe4 12. Rxe4 Bb7 13. d4 c5 14. Re3 cxd4 15. Nxd4 Rd8 16. Nd2 Rd7 17. Nf5 c5 18. Rxe7+ Rxe7 19. Nxe7 Kxe7 20. Nb3 c4 21. Nd4 Re8 22. Bd2 Kf8 23. Re1 Rxe1 24. Bxe1 Ke7 25. Nf5+ Kf6 26. Nd6 Bd5 27. g3 g5 28. Ke3 Ke5 29. Nb5 a5 30. Nd4 a4 31. a3 f5 32. Ne2 h5 33. Bf2 Bg2 34. h4 gxh4 35. gxh4 Bh3 36. Bg3+ Kf6 37. Kd4 Bf1 38. Nf4 Kf7 39. Nxh5 Kg6 40. Nf4+ Kf6 41. Nd5+ Ke6 42. Nb6 Be2 43. Nxc4 Kd7 44. Nb6+ Kc6 45. Nxa4 Kb5 46. Nc5 Kb6 47. b4 Kb5 48. a4+ Kb6 49. Ke5 f4 50. Kxf4 Kc6 51. Kg5 Kb6 52. a5+ Ka7 53. a6 Ka8 54. h5 Bxh5 55. Kxh5 Ka7 56. b5 Ka8 57. Bb8 Kxb8 58. b6 Ka8 59. b7+ Ka7 60. Nd7 Kxa6 61. b8Q Ka5 62. Qb6+ Ka4 63. Qb4# 1-0